HISTORIA DEL SINDICALISMO EN COLOMBIA /

Guardat en:
Dades bibliogràfiques
Autor principal: Urrutia Montoya, Miguel (autor)
Format: Llibre
Matèries:
Etiquetes: Afegir etiqueta
Sense etiquetes, Sigues el primer a etiquetar aquest registre!

MARC

LEADER 00000nam^a2200000^a^4500
001 000231979
005 20250521000000.0
009 20260310104541.329
035 |a 053675 
037 |a Acervo Xavier Clavigero 
082 |a 331. 8  |b URR 
100 |a Urrutia Montoya, Miguel  |e (autor) 
245 1 0 |a HISTORIA DEL SINDICALISMO EN COLOMBIA /  |c MIGUEL URRUTIA MONTOYA 
264 |a Bogotá, Colombia :  |b Universidad de los Andes,  |c 1969 
300 |a 275p. 
336 |a texto  |b txt  |2 rdacontenido 
337 |a sin mediación  |b n  |2 rdamedio 
338 |a volumen  |b nc  |2 rdasoporte 
649 |a XX 
650 |a SINDICATOS -  |x COLOMBIA -  |x HISTORIA. 
650 |a Sindicalismo -  |z Colombia 
650 |a TRABAJOS Y TRABAJADORES -  |x COLOMBIA -  |x HISTORIA. 
910 |a Fondo General 
920 |a Impresos - Libros 
930 |a Colección General 
905 |a 101 
901 |a 053675  |b IT1  |c ACC  |i 053675  |u 20250521 
902 |a https://opac.biblio.iteso.mx/vufind/Record/000231979